Stalin... czy Hitler? - Statystyki

Ogólne statystyki
  • Ten quiz został rozwiązany 21 080 razy
  • Średni wynik to 11 z 15
Statystyki odpowiedzi
Zagadnienie Odpowiedź % Poprawnych
W młodości zarabiał jako malarz Hitler
95%
Urodził się w Austrii Hitler
94%
Miał wąsy Obaj
94%
Popełnił samobójstwo Hitler
93%
Dożył wieku 70 lat. Stalin
92%
Jego nazwiskiem nazywały się pewne miasta. Stalin
87%
Miał inne nazwisko przy narodzinach Stalin
83%
Uczył się na księdza Stalin
83%
Jego kraj najechał Polskę w 1939 Obaj
71%
Miał dzieci Stalin
71%
Był wegetarianinem Hitler
69%
Podczas swojej kadencji gościł Igrzyska Olimpijskie Hitler
61%
Był odznaczonym żołnierzem podczas I wojny światowej Hitler
60%
Został zamknięty w więzieniu Obaj
25%
Został ogłoszony "Człowiekiem roku" tygodnika Time Obaj
18%
Nie znaleziono quizów pasujących do podanych kryteriów
Rozkład punktacji
Procent ludzi z każdym wynikiem
Percentyl według liczby udzielonych odpowiedzi
Twoja historia wyników
Nie rozwiązałeś tego quizu